000 01572 a2200265 4500
003 Nust
005 20221006141309.0
010 _a 2003051543
020 _a0521520436 (pb.)
020 _a052181720X
040 _cNust
082 0 0 _a005.43,FRA
100 1 _aFranek, Frantisek.
_999316
245 1 0 _aMemory as a programming concept in C and C++ /
_cFrantisek Franek.
260 _aCambridge ;
_aNew York :
_bCambridge University Press,
_cc2004.
300 _aix, 262 p. :
_bill. ;
_c24 cm.
505 _aIntroduction (Page-1), From Source File To Executable File (Page-7), Variable Objects (Page-21), Dynamic Allocation And Deallocation Of Memory (Page-45), Functions And Function Calls (Page-59), One Dimensional Arrays And Strings (Page-81), Multi Dimensional Arrays (Page-97), Classes And Objects (Page-106), Linked Data Structures (Page-132), Memory Leaks And Their Debugging (Page-159), Programs In Execution (Page-187), Hanoi Towers Puzzle (Page-210), Tracing In C++ (Page-216), Tracing Objects And Memory In C++ (Page-227), Thread Safe And Process Safe Reporting And Logging Functions (Page-234).
650 0 _aC (Computer program language)
_91226
650 0 _aC++ (Computer program language)
650 0 _aMemory management (Computer science)
_999317
856 4 1 _3Publisher description
_uhttp://www.loc.gov/catdir/description/cam032/2003051543.html
856 4 1 _3Sample text
_uhttp://www.loc.gov/catdir/samples/cam041/2003051543.html
856 4 1 _3Table of contents
_uhttp://www.loc.gov/catdir/toc/cam031/2003051543.html
942 _2ddc
_cBK
_k005.43,FRA
999 _c179829
_d179829